000 00292nam a2200133Ia 4500
008 191201s2009 xx 000 0 und d
100 _aGHOSH, P.K
245 0 _aIndustrial Marketing
250 _aIMP
260 _aN.Delhi
_bOxford
_c2009
300 _a568
650 _aMBA
942 _2ddc
_cBK
999 _c4766
_d4766